Countries with nuclear weapons. - Statistics

General Stats
  • This quiz has been taken 32 times
    20 since last reset
  • The average score is 8 of 9
Answer Stats
Nukes Countries % Correct
300 France
100%
6500 Russia
100%
215 United Kingdom
100%
6185 United States of America
100%
290 China
94%
130-140 India
94%
20-30 North Korea
88%
150-160 Pakistan
82%
80-90 Israel
24%
No matching quizzes found
Score Distribution
Percent of People with Each Score
Percentile by Number Answered
Your Score History
You have not taken this quiz since the last reset